[Event "17th Asian Cities"]
[Site "Jakarta INA"]
[Date "2011.04.26"]
[Round "6.3"]
[White "Barus,C"]
[Black "Hamdani,R"]
[Result "1-0"]
[WhiteElo "2443"]
[BlackElo "2368"]

1.d4 d5 2.Nf3 c6 3.c4 Nf6 4.Qc2 dxc4 5.Qxc4 Bf5 6.Nc3 h6 7.g3 e6 8.Bg2 Nbd7
9.O-O Be7 10.e3 Bh7 11.Rd1 O-O 12.Qe2 Re8 13.a3 a5 14.e4 a4 15.Bf4 Qa5 16.Rac1 Rac8
17.Ne5 Nb6 18.Bd2 Bd6 19.Be3 Nbd7 20.h3 Red8 21.Nd3 Qa6 22.Qf3 Qa5 23.Qe2 Bf8
24.g4 Re8 25.f4 c5 26.dxc5 Nxc5 27.Nxc5 Bxc5 28.e5 Nd5 29.Nxd5 exd5 30.Rxd5 Qa6
31.Qd2 Bxe3+ 32.Qxe3 Bc2 33.Rd7 Qe6 34.Qd2 Qb6+ 35.Kh2 Qxb2 36.Rxb7 Qc3 37.Qxc3 Rxc3
38.Ra7 Rec8 39.Bb7 R3c7 40.Ra8 Rxa8 41.Bxa8 Ra7 42.Rxc2 Rxa8 43.Rc4 Ra5 44.Kg3 g5
45.h4 Kg7  1-0

[Event "Luebeck GM"]
[Site "Luebeck GER"]
[Date "2011.04.26"]
[Round "2"]
[White "Kopylov,M"]
[Black "Danielsen,Hen"]
[Result "1/2-1/2"]
[WhiteElo "2446"]
[BlackElo "2533"]

1.d4 d5 2.c4 c6 3.Nf3 Nf6 4.Qc2 g6 5.Bf4 Bg7 6.e3 O-O 7.Nc3 Na6 8.Be2 c5
9.O-O cxd4 10.Nxd4 dxc4 11.Bxc4 Bd7 12.Rfd1 Qa5 13.Qe2 Rac8 14.Rac1 Nc5 15.e4 Na4
16.Nb3 Qb4 17.Nxa4 Qxa4 18.e5 Nh5 19.Bg5 Be6 20.Bxe6 fxe6 21.Bxe7 Nf4 22.Qf3 Qxa2
23.Bxf8 Rxf8 24.Rc2 Nd5 25.Qh3 Nf4 26.Qf3 Nd5 27.Qh3  1/2-1/2

[Event "ch-RUS Rapid Women"]
[Site "Olginka RUS"]
[Date "2011.04.26"]
[Round "7"]
[White "Sukhareva,E"]
[Black "Romanko,M"]
[Result "1/2-1/2"]
[WhiteElo "2180"]
[BlackElo "2402"]

1.d4 d5 2.Nf3 Nf6 3.c4 c6 4.Qc2 dxc4 5.Qxc4 Bg4 6.Nc3 Nbd7 7.e4 Bxf3 8.gxf3 e5
9.Be3 exd4 10.Bxd4 Bd6 11.O-O-O Qc7 12.h4 O-O 13.Kb1 b5 14.Qb3 Be5 15.Be3 Nh5
16.Ne2 a6 17.Rg1 Rad8 18.Rc1 c5 19.Rg5 g6 20.Qc2 c4 21.Bh3 Bf6 22.Rxh5 gxh5
23.Nf4 Kh8 24.Nxh5 Qe5 25.Nxf6 Nxf6 26.Bf5 Ng8 27.f4 Qe7 28.h5 f6 29.e5 fxe5
30.fxe5 Qxe5 31.Bxh7 Nf6 32.Bg6 Ng4 33.Bd2 Rxf2 34.Bc3 Rxc2 35.Bxe5+ Nxe5
36.Bxc2 Kg7 37.Re1 Nc6 38.h6+ Kh8 39.Re6 Nb4 40.a3 Nxc2 41.Kxc2 a5 42.Re5 Rb8
43.Kc3 Kh7 44.Rh5 Kg6 45.Rh3 Rh8 46.Kd4 Kh7 47.Kc5 Rb8 48.Rh2 b4 49.Kxc4 bxa3
50.bxa3 a4 51.Rh3 Rb1 52.Kd4 Rb6 53.Rc3 Kxh6 54.Rc4 Ra6 55.Kc5 Kg6 56.Kb5 Ra8
57.Rxa4 Rb8+ 58.Kc6 Kf5 59.Rd4 Ke5 60.Rd1 Ra8 61.Ra1 Ra4 62.Kb5 Ra8 63.a4 Kd6
64.Rc1 Rb8+ 65.Ka5 Kd7 66.Rc4 Rc8 67.Rh4 Kc6 68.Kb4 Rb8+ 69.Kc4 Kb6 70.Rh5 Ka6
71.Rb5 Rh8  1/2-1/2

[Event "Heroes Day Masters"]
[Site "Bridgetown BAR"]
[Date "2011.04.28"]
[Round "2"]
[White "Tavares,S"]
[Black "Warner,De"]
[Result "0-1"]
[WhiteElo "2260"]
[BlackElo "2241"]

1.d4 d5 2.Nf3 Nf6 3.c4 c6 4.Qc2 g6 5.Nbd2 Bg7 6.e3 O-O 7.Ne5 Nfd7 8.f4 Nxe5
9.dxe5 Na6 10.a3 Bf5 11.Qc3 Nc5 12.b4 Ne4 13.Nxe4 Bxe4 14.Bb2 f6 15.cxd5 cxd5
16.exf6 Bxf6 17.Qd2 e5 18.fxe5 Bh4+ 19.Kd1 Rf2 20.Be2 Qd7 21.g3 Bxh1 22.e6 Qa4+
23.Ke1 Rxh2 24.gxh4 Bf3 25.Qd4 Rxe2+ 26.Kf1 Rxb2 27.Qxb2 Be4 28.Rc1 Rf8+
29.Kg1 Qa6 30.e7 Re8 31.Qe5 Bf5 32.Rc7 Qe6 33.Qxe6+ Bxe6 34.Rxb7 a6 35.Ra7 Bc8
36.Kf2 Kf7 37.Rc7 Ke6 38.h5 Kd6 39.Rc5 gxh5 40.e4 dxe4 41.Rxh5 Rxe7 42.Ke3 Bb7
43.a4 Rf7 44.Kd4 Ke7 45.b5 axb5 46.axb5 Kf8 47.Rg5 h6 48.Rg6 Rh7 49.Rf6+ Ke7
50.Rb6 Kd8 51.Rd6+ Kc7 52.Kc5 h5 53.b6+ Kc8 54.Rg6 Rh8  0-1

[Event "8th Balagne Open"]
[Site "Calvi FRA"]
[Date "2011.04.29"]
[Round "6.4"]
[White "Richter,Mic"]
[Black "Midoux,S"]
[Result "0-1"]
[WhiteElo "2486"]
[BlackElo "2303"]

1.d4 d5 2.c4 c6 3.Nf3 Nf6 4.Qc2 e6 5.Nbd2 Nbd7 6.e4 Nxe4 7.Nxe4 dxe4 8.Qxe4 Bb4+
9.Bd2 Bxd2+ 10.Nxd2 c5 11.dxc5 Qc7 12.c6 bxc6 13.Be2 Rb8 14.b3 O-O 15.O-O e5
16.Bf3 Bb7 17.Qe3 f5 18.g3 c5 19.Bxb7 Qxb7 20.Rad1 Rbe8 21.Qd3 Rf7 22.Qd5 Qb6
23.Nf3 h6 24.Nh4 g6 25.Qd6 Re6 26.Qxb6 axb6 27.Rd5 Kg7 28.Rfd1 Nb8 29.Rd6 Rfe7
30.Ng2 Kf7 31.Rxe6 Kxe6 32.Rd8 Nc6 33.Rg8 Kf7 34.Ra8 Rd7 35.Ne3 Rd2 36.Nd5 e4
37.a4 Ne5 38.Ra7+ Ke6 39.Re7+ Kd6 40.Rb7 Nd3 41.Rxb6+ Ke5 42.Rxg6 Nxf2 43.Nf4 e3
44.Re6+ Kd4 45.Kf1 Ng4 46.Ne2+ Kd3 47.Nf4+ Kc2 48.Ng2 Nxh2+ 49.Kg1 Nf3+ 50.Kh1 Rd1+
51.Ne1+ Rxe1+  0-1

[Event "2nd Lille Open"]
[Site "Lille FRA"]
[Date "2011.04.29"]
[Round "7.8"]
[White "Vassallo Barroche,M"]
[Black "Starostits,I"]
[Result "0-1"]
[WhiteElo "2412"]
[BlackElo "2486"]

1.d4 d5 2.c4 dxc4 3.Nf3 c6 4.e3 Be6 5.Ne5 Nf6 6.Nc3 b5 7.Be2 Qb6 8.O-O Nbd7
9.f4 Rd8 10.Qe1 g6 11.Bf3 Nb8 12.e4 Qxd4+ 13.Be3 Qd6 14.Qf2 Bh6 15.Nxg6 hxg6
16.e5 Qc7 17.exf6 exf6 18.Rae1 f5 19.Bxa7 Bxf4 20.g3 Rd2 21.Bxb8 Rxf2 22.Bxc7 Rxf1+
23.Rxf1 Bxc7 24.Bxc6+ Ke7 25.Bxb5 Bb6+ 26.Kg2 Kd6 27.Rd1+ Kc5 28.Bd7 Ba5
29.Bxe6 fxe6 30.Re1 Rb8 31.Re2 Kd4 32.Rd2+ Ke3 33.Rf2 Bxc3 34.Rf3+ Kd2 35.bxc3 e5  0-1

[Event "TCh-HUN 2010-11"]
[Site "Budapest HUN"]
[Date "2011.05.01"]
[Round "10"]
[White "Portisch,L"]
[Black "To,N"]
[Result "1/2-1/2"]
[WhiteElo "2544"]
[BlackElo "2426"]

1.d4 d5 2.c4 c6 3.Nf3 Nf6 4.Qb3 dxc4 5.Qxc4 Bf5 6.g3 e6 7.Bg2 Nbd7 8.O-O Be7
9.e3 O-O 10.Qe2 Ne4 11.Rd1 Qb6 12.Ne1 Bg6 13.Nc3 Ndf6 14.Nxe4 Bxe4 15.f3 Bg6
16.e4 Rfd8 17.Be3 c5 18.dxc5 Bxc5 19.Bxc5 Qxc5+ 20.Kh1 e5 21.Nd3 Qe7 22.Nf2 Ne8
23.Qe3 b6 24.Qb3 Kf8 25.Bf1 f6 26.Bc4 Bf7 27.Bxf7 Qxf7 28.Qa3+ Qe7 29.Qb3 Nc7
30.Rxd8+ Rxd8 31.Rd1 Rxd1+ 32.Qxd1 Ne6 33.Qd5 Nd4 34.Kg2 Qc7 35.f4 Nc2 36.Qa8+ Kf7
37.fxe5 fxe5 38.Ng4 Nb4 39.a3 h5 40.Ne3 Nc2 41.Nd5 Qc4 42.Qb7+ Kg6 43.Ne7+ Kh7
44.Nf5 Qe2+ 45.Kh3 Qg4+ 46.Kg2 Ne1+ 47.Kf2 Nd3+ 48.Ke3 Nxb2 49.Qf7 Nd1+ 50.Kd2 Nf2
51.Ke3 Nd1+ 52.Kd2 Nf2 53.Ke3 Nd1+  1/2-1/2

[Event "Ostravsky Konik A"]
[Site "Ostrava CZE"]
[Date "2011.05.03"]
[Round "4.31"]
[White "Drabek,M"]
[Black "Papan,C"]
[Result "1/2-1/2"]
[WhiteElo "1997"]
[BlackElo "2119"]

1.d4 d5 2.Nf3 Nf6 3.c4 c6 4.Nbd2 e6 5.g3 Bb4 6.Qc2 O-O 7.Bg2 Ne4 8.O-O f5
9.a3 Bd6 10.Ne1 Qf6 11.e3 Qg6 12.Nxe4 fxe4 13.f3 exf3 14.Qxg6 f2+ 15.Rxf2 hxg6
16.Rxf8+ Kxf8 17.Nf3 Nd7 18.Bd2 dxc4 19.Rf1 Kg8 20.Bc3 Nf6 21.Nd2 Bd7 22.Nxc4 Bc7
23.Bd2 Re8 24.Bf3 b6 25.b4 Rf8 26.Kg2 Rd8 27.Rd1 Be8 28.Bc3 g5 29.h3 Nd5
30.Bd2 Nf6 31.Bc3 Nd5 32.Bd2 Nf6 33.Bc3  1/2-1/2

[Event "Victory Day GM"]
[Site "Moscow RUS"]
[Date "2011.05.04"]
[Round "6"]
[White "Krylov,M RUS"]
[Black "Reshetnikov,Al"]
[Result "1/2-1/2"]
[WhiteElo "2489"]
[BlackElo "2487"]

1.d4 d5 2.c4 c6 3.Nf3 Nf6 4.Qc2 dxc4 5.Qxc4 Bf5 6.Nbd2 Nbd7 7.g3 e6 8.Bg2 Be7
9.O-O O-O 10.Ne5 Nb6 11.Qc3 h6 12.e4 Bh7 13.Qe3 Nbd7 14.Nd3 Qc7 15.b3 e5
16.Bb2 exd4 17.Bxd4 Rfe8 18.f3 Nd5 19.Qf2 Bf6 20.Rfe1 Bxd4 21.Qxd4 N5b6 22.Nf2 f5
23.exf5 Bxf5 24.f4 Rad8 25.Nf3 Nf6 26.Rxe8+ Rxe8 27.Ne5 Nfd7 28.Re1 Nxe5
29.fxe5 Nd7 30.g4 Be6 31.Nd3 Qb6 32.Qxb6 axb6 33.h3 g5 34.Be4 Ra8 35.Re2 Kf7
36.Bf5 Ke7 37.h4 Rg8 38.Kh2 Rf8 39.Rf2 gxh4 40.Kh3 h5 41.Bxe6 Kxe6 42.gxh5 Rxf2
43.Nxf2 Nxe5 44.Kxh4 Kf5 45.h6 Kg6 46.h7 Kxh7 47.Kg5 c5 48.Kf6 Nc6 49.Nd3 Na5
50.Ke6 c4 51.bxc4 Nxc4 52.Kd7 Kg6 53.Ke6 Ne3 54.a4 Nd1 55.Ne5+ Kg7 56.Nc4 Nc3
57.Nxb6 Nxa4 58.Nxa4  1/2-1/2

[Event "ch-UKR semi-final"]
[Site "Alushta UKR"]
[Date "2011.05.06"]
[Round "4.26"]
[White "Grebeniuk,S"]
[Black "Pavlov,Ma"]
[Result "1/2-1/2"]
[WhiteElo "2229"]
[BlackElo "2364"]

1.d4 d5 2.Nf3 c6 3.c4 dxc4 4.e4 b5 5.a4 e6 6.e5 Ne7 7.b3 Nd5 8.bxc4 bxc4
9.Bxc4 Be7 10.O-O a5 11.Nbd2 Na6 12.Ne4 h6 13.Ne1 Nb6 14.Be2 Nb4 15.Ra3 Bb7
16.Rg3 g6 17.Be3 Qd5 18.Nf6+ Bxf6 19.exf6 Ba6 20.Bxa6 Rxa6 21.Nd3 Nxd3 22.Qxd3 Ra8
23.Rxg6 Nd7 24.Qa3 c5 25.Rg3 Nxf6 26.dxc5 Ne4 27.Qb2 Ke7 28.Rg7 Rab8 29.Qc2 Rb4
30.f3 Qe5 31.Rxf7+ Kxf7 32.fxe4+ Kg6 33.Qf2 Rh7 34.Qf8 Rb8 35.Qf3 Rg7 36.Kh1 Rb3
37.Qh3 h5 38.Bd4 Rf7 39.Rd1 Rxh3 40.Bxe5 Ra3 41.c6 Rxa4 42.c7 Rc4 43.h3 a4
44.Rd8 Rf1+ 45.Kh2 Rfc1 46.Bd6 h4 47.Rg8+ Kf7 48.Rf8+ Kg7 49.Ra8 Kh7 50.Ra5 Kg6
51.Ra8 R1c2 52.Rg8+ Kf7 53.Rf8+ Kg7 54.Ra8 Kh7 55.Ra5 Kg6 56.Ra8 a3 57.Rxa3 Rxe4
58.Ra8 Rec4 59.Rf8 Rc6 60.Be5 R6c5 61.Bd6 Rc6 62.Be5 R2c5 63.Kg1 Rxe5 64.c8=Q Rxc8
65.Rxc8 Rf5 66.Rg8+ Kf6 67.Rg4 Rh5  1/2-1/2

[Event "TCh-SVK Extraliga 2010-11"]
[Site "Slovakia SVK"]
[Date "2011.05.06"]
[Round "9"]
[White "Maslik,M"]
[Black "Neubauer,M"]
[Result "1-0"]
[WhiteElo "2402"]
[BlackElo "2432"]

1.d4 d5 2.c4 c6 3.Nf3 Nf6 4.Qb3 dxc4 5.Qxc4 Bf5 6.Nc3 e6 7.g3 Be7 8.Bg2 Nbd7
9.O-O O-O 10.Re1 Bg6 11.a4 Ne4 12.a5 a6 13.Qb3 Qc7 14.Bf4 Bd6 15.Ne5 Nxc3
16.Qxc3 Rfd8 17.Nxg6 hxg6 18.Bg5 Nf6 19.Red1 Be7 20.Qb3 Rd7 21.e4 Qd8 22.Bf3 Qf8
23.Be3 Rad8 24.Ra4 Rc8 25.Rc4 Bd8 26.d5 exd5 27.exd5 Bxa5 28.Ra1 Qd8 29.dxc6 bxc6
30.Rxc6 Rxc6 31.Bxc6 Rd3 32.Qb7 Ng4 33.Bc5 Rd1+ 34.Rxd1 Qxd1+ 35.Kg2 Ne5
36.Qb8+  1-0

[Event "TCh-SVK Extraliga 2010-11"]
[Site "Slovakia SVK"]
[Date "2011.05.06"]
[Round "9"]
[White "Cernousek,L"]
[Black "Lipka,J"]
[Result "0-1"]
[WhiteElo "2410"]
[BlackElo "2414"]

1.d4 d5 2.c4 c6 3.Nf3 Nf6 4.g3 g6 5.b3 Bg7 6.Bg2 O-O 7.O-O Bf5 8.Nc3 Ne4
9.Bb2 Nxc3 10.Bxc3 Be4 11.e3 c5 12.Rc1 cxd4 13.Bxd4 Bxd4 14.Nxd4 Bxg2 15.Kxg2 dxc4
16.Qf3 Qd7 17.Rfd1 Rc8 18.Rxc4 Rxc4 19.bxc4 Na6 20.Nb5 Qc6 21.Qxc6 bxc6 22.Nd4 Rc8
23.Nb3 Rc7 24.a3 Kg7 25.g4 Rb7 26.Na5 Rc7 27.Nb3 Rb7 28.Rd3 Kf6 29.f4 e5
30.Kf3 e4+  0-1

[Event "9th Somov Mem"]
[Site "Kirishi RUS"]
[Date "2011.05.07"]
[Round "1"]
[White "Usmanov,V"]
[Black "Smirnov,Vladislav"]
[Result "1-0"]
[WhiteElo "2289"]
[BlackElo "1957"]

1.d4 d5 2.Nf3 Nf6 3.c4 c6 4.Qc2 a6 5.e3 Bg4 6.Ne5 Bh5 7.b3 e6 8.Bd3 Nbd7
9.O-O Nxe5 10.dxe5 Nd7 11.Bb2 Bg6 12.Nd2 Bxd3 13.Qxd3 Be7 14.e4 Nc5 15.Qg3 O-O
16.Rfd1 dxe4 17.b4 Na4 18.Nxe4 Qc7 19.Bc1 f5 20.Nd6 Rad8 21.c5 b5 22.Qb3 Bxd6
23.exd6 Qf7 24.Bg5 Rd7 25.Bf4 Re8 26.Be5 f4 27.Rd3 Qf5 28.Re1 Kf7 29.Bxf4  1-0

[Event "TCh-SUI 2011"]
[Site "Switzerland SUI"]
[Date "2011.05.08"]
[Round "4.6"]
[White "Carron,J"]
[Black "Drabke,L"]
[Result "0-1"]
[WhiteElo "2361"]
[BlackElo "2454"]

1.d4 d5 2.Nf3 Nf6 3.c4 c6 4.Qc2 dxc4 5.Qxc4 Bf5 6.Nc3 e6 7.g3 Nbd7 8.Bg2 Be7
9.O-O O-O 10.Bf4 Ne4 11.Qb3 Qb6 12.Nh4 Nxc3 13.bxc3 Bg4 14.Nf3 Qa6 15.Rfe1 Rfe8
16.a4 Bf6 17.Rab1 b6 18.Nd2 e5 19.Be3 Rac8 20.Qc4 Qxc4 21.Nxc4 Red8 22.Rbd1 Be6
23.Nd6 Rc7 24.Ne4 Be7 25.Nd2 Rcc8 26.f4 exd4 27.cxd4 Nf6 28.Kh1 c5 29.Nf3 Bb3
30.Ra1 Nd5 31.Bg1 c4 32.Rec1 Bb4 33.Ne5 f6 34.Nf3 Nc3 35.Bh3 Rc6 36.Nd2 Bxa4
37.Nxc4 Bb5 38.Nb2 Nxe2 39.Rxc6 Bxc6+ 40.Bg2 Bxg2+ 41.Kxg2 Bc3 42.Rxa7 Nxg1
43.Nd1 Bxd4 44.Ra2 Re8  0-1

[Event "9th Somov Mem"]
[Site "Kirishi RUS"]
[Date "2011.05.10"]
[Round "4"]
[White "Bajarani,U"]
[Black "Styazhkina,A"]
[Result "1-0"]
[WhiteElo "2437"]
[BlackElo "2026"]

1.d4 d5 2.c4 c6 3.Nf3 Nf6 4.Qb3 dxc4 5.Qxc4 Bf5 6.g3 e6 7.Bg2 Be7 8.O-O O-O
9.e3 Nbd7 10.Qe2 c5 11.Nc3 Ne4 12.Ne1 Ndf6 13.f3 Nxc3 14.bxc3 h6 15.Bb2 Rc8
16.e4 Bh7 17.Nd3 Nd7 18.Rfd1 Qa5 19.Nf4 Nb6 20.d5 exd5 21.Nxd5 Nxd5 22.Rxd5 Rfd8
23.Bh3 Ra8 24.c4 a6 25.Qe1 Qa4 26.Bf1 b5 27.Qd1 Qa5 28.a4 b4 29.Qb3 Qb6 30.Kh1 Kh8
31.Rad1 f6 32.Bd3 Bg8 33.Bc2 Qc6 34.Qd3 Rac8 35.Kg1 Qe8 36.Kg2 a5 37.Re1 Qc6
38.Rd1 Qe8 39.e5 Rxd5 40.cxd5 c4 41.Qf5 c3 42.Bc1 fxe5 43.d6 Rd8 44.dxe7 Rxd1
45.Qf8  1-0

[Event "ch-Euro Indiv Women"]
[Site "Tbilisi GEO"]
[Date "2011.05.10"]
[Round "4"]
[White "Sharevich,A"]
[Black "Motycakova,M"]
[Result "1/2-1/2"]
[WhiteElo "2378"]
[BlackElo "2107"]

1.d4 d5 2.Nf3 Nf6 3.c4 c6 4.Qc2 dxc4 5.Qxc4 Bf5 6.g3 e6 7.Bg2 Be7 8.O-O O-O
9.e3 Nbd7 10.Rd1 Rc8 11.Qe2 Qc7 12.Nc3 e5 13.h3 Rfd8 14.e4 Bg6 15.dxe5 Nxe5
16.Rxd8+ Rxd8 17.Nxe5 Qxe5 18.f4 Bc5+ 19.Be3 Qe7 20.Re1 h6 21.Qf2 Nd7 22.g4 f6
23.Rd1 Bxe3 24.Qxe3 Nb6 25.Rxd8+ Qxd8 26.b3 Qe7 27.Qd4 Qd7 28.Qe3 Qe7 29.Kf2 Kf8
30.Ne2 Nc8 31.Bf3 a6 32.e5 fxe5 33.fxe5 Bf7 34.Nf4 Qc7 35.Nd3 Ne7 36.e6 Be8
37.Bg2 Ng6 38.Qc5+ Qe7 39.Qf5+ Qf6 40.Qxf6+ gxf6 41.Nc5 Nf4 42.Nxb7 Nxe6
43.Nd6 Bd7 44.Nf5 h5 45.gxh5 Nf4 46.Nd4 c5 47.Ne2 Nxh5 48.Ke3 Ng7 49.Nc3 Nf5+
50.Kf4 Nd6 51.Bf1 a5 52.h4 Kg7 53.Be2 Be6 54.Ne4 Nxe4 55.Kxe4 Kg6 56.Kf4 Bd7
57.a4 Be6 58.Bc4 Bh3 59.Bd5 Kh5 60.Kg3 Bd7 61.Bf7+ Kh6 62.Kf4 Kg7 63.Bd5 Kg6
64.Be4+ Kh5 65.Bf5 Bc6 66.Kg3 Bd5 67.Bc2 c4  1/2-1/2

[Event "ch-UKR semi-final"]
[Site "Alushta UKR"]
[Date "2011.05.11"]
[Round "9.22"]
[White "Sivuk,V"]
[Black "Shabala,S"]
[Result "1-0"]
[WhiteElo "2417"]
[BlackElo "2362"]

1.d4 d5 2.c4 c6 3.Nf3 Nf6 4.Qb3 g6 5.Bf4 Bg7 6.e3 O-O 7.Nc3 Qa5 8.Nd2 Nbd7
9.Be2 Nh5 10.Bxh5 dxc4 11.Qd1 gxh5 12.Nxc4 Qb4 13.Qe2 Nb6 14.Nxb6 axb6 15.O-O Bg4
16.Qc2 Qa5 17.Rfc1 Kh8 18.h3 Be6 19.Qe2 Qf5 20.Qf3 Qg6 21.Rd1 Ra5 22.e4 Rg8
23.a3 Bb3 24.Rd2 Bh6 25.Ne2 Bc4 26.Bxh6 Qxh6 27.Nf4 Rag5 28.Rc2 b5 29.Re1 Qf6
30.Qe3 c5 31.d5 e5 32.dxe6 fxe6 33.f3 Rf8 34.h4 Rgg8 35.Nxh5 Qxf3 36.Qxc5 Rg4
37.Qd4+ Kg8 38.Rf2 Qxf2+ 39.Qxf2 Rxf2 40.Kxf2 Rxh4 41.Nf6+ Kf7 42.Kg3 Rh6
43.Ng4 Rg6 44.Kf4 Kg7 45.g3 h5 46.Ne5 Rf6+ 47.Kg5 Rf2 48.b4 Rg2 49.Re3 Be2
50.Rc3 Bc4 51.Kxh5 Kf6 52.Ng4+ Ke7 53.Kg5 Kd6 54.Kf4 Rg1 55.Ne5 Be2 56.Nf7+ Kd7
57.Ke5 Rh1 58.Re3 Bd1 59.Ng5 Rh5 60.Kf6  1-0

[Event "46th Capablanca Memorial Open B"]
[Site "Havana CUB"]
[Date "2011.05.11"]
[Round "1.18"]
[White "Borges,O"]
[Black "Gonzalez Vega,A"]
[Result "1-0"]
[WhiteElo "2209"]
[BlackElo "2218"]

1.d4 d5 2.Nf3 Nf6 3.c4 c6 4.g3 dxc4 5.Bg2 Bf5 6.Nc3 h6 7.O-O e6 8.Ne5 Nbd7
9.e4 Bh7 10.Nxc4 b5 11.Ne3 b4 12.e5 Nd5 13.Ncxd5 cxd5 14.f4 Be7 15.f5 O-O
16.Qg4 Kh8 17.fxe6 fxe6 18.Qxe6 Rxf1+ 19.Bxf1 Nf8 20.Qxd5 Qb6 21.Qxa8 Qxd4
22.Qd5  1-0

[Event "ch-Euro Indiv Women"]
[Site "Tbilisi GEO"]
[Date "2011.05.13"]
[Round "7"]
[White "Shaidullina,S"]
[Black "Gvetadze,Sopi"]
[Result "0-1"]
[WhiteElo "2160"]
[BlackElo "2330"]

1.d4 d5 2.Nf3 Nf6 3.c4 c6 4.Qb3 dxc4 5.Qxc4 Bf5 6.g3 e6 7.Bg2 Nbd7 8.O-O Be7
9.e3 O-O 10.Qe2 Ne4 11.Rd1 Qa5 12.Nh4 Bxh4 13.gxh4 Qd8 14.f3 Nd6 15.e4 Bg6
16.Bf4 Qe7 17.Bg3 h6 18.Nc3 Rfd8 19.f4 Rac8 20.b4 b6 21.Rac1 f6 22.Kh1 Bf7
23.a4 Ne8 24.b5 c5 25.d5 e5 26.Bh3 Nd6 27.fxe5 fxe5 28.Rf1 Kh8 29.Rf2 Rc7
30.Bxd7 Rcxd7 31.Rcf1 Bg8 32.Rf5 Nxf5 33.Rxf5 Bh7 34.Rxe5 Qf6 35.Kg2 Rf8
36.Nd1 c4 37.Re6 Qd4 38.Be1 Qc5 39.Bc3 Kg8 40.Nf2 Rdf7 41.Ng4 Rf4 42.Be1 Bxe4+
43.Rxe4 Qxd5 44.Nf2 Rxf2+ 45.Bxf2 Rf4 46.Qxc4 Qxc4 47.Rxc4 Rxc4 48.Bg3 Rxa4  0-1

[Event "TCh-UKR Clubs 2011"]
[Site "Alushta UKR"]
[Date "2011.05.14"]
[Round "2.3"]
[White "Ipatov,A ESP"]
[Black "Pavlov,Ma"]
[Result "1-0"]
[WhiteElo "2536"]
[BlackElo "2364"]

1.d4 d5 2.c4 c6 3.Nf3 Nf6 4.Nbd2 Bf5 5.Nh4 Bg6 6.Nxg6 hxg6 7.e3 e6 8.a3 Nbd7
9.Be2 Bd6 10.g3 Qe7 11.O-O a6 12.b4 e5 13.Bf3 e4 14.Bg2 O-O 15.Bb2 Rfe8 16.Qb3 g5
17.h3 Nf8 18.Rfc1 N8h7 19.cxd5 cxd5 20.b5 axb5 21.Qxb5 g4 22.h4 g5 23.h5 Rad8
24.Bc3 Bxa3 25.Rcb1 Rc8 26.Rb3 Bd6 27.Ra7 Rb8 28.Rxb7 Rxb7 29.Qxb7 Qxb7 30.Rxb7 Rc8
31.Ba5 Nxh5 32.Rd7 Rc6 33.Bf1 N5f6 34.Rb7 Rc8 35.Nb1 Nf8 36.Nc3 Ra8 37.Rb5 Rxa5
38.Rxa5 Bb4 39.Nxd5 Bxa5 40.Nxf6+ Kg7 41.Nxe4 f5 42.Nd6 Kf6 43.Bd3 f4 44.Be2 Bb4
45.Nc4 Kf5 46.Ne5 Ke4 47.Bd3+ Kd5 48.Nxg4 Bd2 49.Kf1 Nd7 50.Ke2 Bc1 51.Bf5 Nb6
52.Kd3 Kd6 53.e4 fxg3 54.fxg3 Ke7 55.e5 Bb2 56.Nf6 Kf7 57.Ne4 Bc1 58.Nd6+ Kg7
59.Nc4 Nd5 60.Be6 Nc7 61.Bc8 Nd5 62.Kc2 Ne3+ 63.Kxc1 Nxc4 64.Kc2  1-0

[Event "46th Capablanca Memorial Open B"]
[Site "Havana CUB"]
[Date "2011.05.15"]
[Round "5.1"]
[White "Llorente,R"]
[Black "Nunez,Jor"]
[Result "1/2-1/2"]
[WhiteElo "2286"]
[BlackElo "2248"]

1.Nf3 d5 2.d4 Nf6 3.c4 c6 4.Qc2 g6 5.e3 Bg7 6.Nbd2 Bf5 7.Bd3 Bxd3 8.Qxd3 O-O
9.b3 Nbd7 10.Bb2 c5 11.O-O cxd4 12.Bxd4 dxc4 13.Nxc4 Nc5 14.Qe2 Ne6 15.Bb2 Ne4
16.Rfd1 Qb8 17.Nfe5 Rd8 18.Rxd8+ Qxd8 19.Rd1 Qe8 20.f3 N4c5  1/2-1/2

[Event "ch-Euro Indiv Women"]
[Site "Tbilisi GEO"]
[Date "2011.05.15"]
[Round "8"]
[White "Unapkoshvili,N"]
[Black "Aginian,N"]
[Result "0-1"]
[WhiteElo "1970"]
[BlackElo "2284"]

1.d4 d5 2.c4 c6 3.Nf3 Nf6 4.Qc2 g6 5.Nc3 dxc4 6.a4 Na6 7.e4 Be6 8.Be3 Ng4
9.Bf4 Bg7 10.h3 Nf6 11.Qd2 Qa5 12.Ne5 Rd8 13.Rd1 Nb4 14.Nf3 c5 15.d5 Nxe4
16.Qc1 Nxd5 17.Be5 O-O 18.Bxg7 Kxg7 19.Rxd5 Bxd5 20.Be2 Nxc3 21.Qxc3+ Qxc3+
22.bxc3  0-1

[Event "ch-Euro Indiv Women"]
[Site "Tbilisi GEO"]
[Date "2011.05.17"]
[Round "10"]
[White "Kuchava,A"]
[Black "Motycakova,M"]
[Result "0-1"]
[WhiteElo "1973"]
[BlackElo "2107"]

1.d4 d5 2.Nf3 Nf6 3.c4 c6 4.Qb3 dxc4 5.Qxc4 Bf5 6.g3 e6 7.Bg2 Be7 8.Nc3 Nbd7
9.Qb3 Qb6 10.Nd2 e5 11.d5 Rc8 12.e4 Bg6 13.O-O O-O 14.Nc4 Qc7 15.Ne3 Rfd8
16.dxc6 Qxc6 17.Ned5 Bf8 18.Bg5 Nc5 19.Qd1 Kh8 20.Bxf6 gxf6 21.Qg4 b5 22.Qh4 Nd3
23.Rab1 Rd6 24.b4 Rcd8 25.Rfd1 Qc4 26.Bf1 Bxe4 27.Nxe4 Rxd5 28.Qxf6+ Bg7
29.Qf3 Qxa2 30.Ng5 R5d7 31.Ra1 Qb3 32.Bxd3 Rxd3 33.Rxd3 Qxd3 34.Qxf7 Rf8
35.Qh5 Qf5 36.Qh4 Qxf2+ 37.Kh1 Qf5 38.g4 Qg6 39.Nh3 Qe4+ 40.Kg1 Qd4+ 41.Kg2 Qxa1
42.Ng5 Qf1+ 43.Kg3 Qf2+ 44.Kh3 Qxh4+  0-1

[Event "ch-Euro Indiv Women"]
[Site "Tbilisi GEO"]
[Date "2011.05.17"]
[Round "10"]
[White "Javakhishvili,L"]
[Black "Ovod,E"]
[Result "1-0"]
[WhiteElo "2454"]
[BlackElo "2404"]

1.d4 d5 2.c4 c6 3.Nf3 Nf6 4.Qc2 dxc4 5.Qxc4 Bf5 6.g3 e6 7.Bg2 Nbd7 8.O-O Be7
9.e3 O-O 10.Rd1 Qc7 11.Nc3 e5 12.e4 Bg4 13.d5 Nb6 14.Qe2 Rad8 15.h3 Bc8 16.a4 Bb4
17.a5 Nbd7 18.Bd2 Qd6 19.Nh4 g6 20.Bg5 Bxc3 21.bxc3 c5 22.f4 Kh8 23.Nf3 Rde8
24.fxe5 Nxe5 25.Nxe5 Qxe5 26.Bf4 Qxc3 27.Rac1 Qxa5 28.Bd6 Kg8 29.e5 Nh5 30.Qf2 b6
31.Rf1 Qa3 32.Bxf8 Rxf8 33.e6 f5 34.e7 Re8 35.d6 Qxg3 36.Qxg3 Nxg3 37.Bc6 Kf7
38.Rf2 Rg8 39.Re1 Be6 40.e8=Q+ Rxe8 41.Bxe8+ Kxe8 42.Rxe6+ Kd7 43.Re7+ Kxd6
44.Rxa7 b5 45.Rd2+ Ke5 46.Re7+ Kf6 47.Rc7 Ne4  1-0

[Event "Serbian Cup 2011"]
[Site "Valjevo SRB"]
[Date "2011.05.17"]
[Round "2.6"]
[White "Roljevic,D"]
[Black "Jovic,Ste"]
[Result "1-0"]
[WhiteElo "2035"]
[BlackElo "2291"]

1.d4 d5 2.Nf3 c6 3.c4 Nf6 4.Qc2 e6 5.Bg5 Nbd7 6.e3 Qa5+ 7.Nbd2 Ne4 8.Bf4 Bb4
9.a3 g5 10.Bg3 h5 11.O-O-O Be7 12.cxd5 Nxg3 13.Nc4 Qd8 14.hxg3 cxd5 15.Nce5 Nxe5
16.Nxe5 Bd7 17.Kb1 Qb6 18.Nxd7 Kxd7 19.Be2 h4 20.Qa4+ Kd6 21.e4 Rac8 22.gxh4 gxh4
23.exd5 exd5 24.Bg4 Rc6 25.Rc1 Rg8 26.Bf3 Bg5 27.Rc5 Rxc5 28.dxc5+ Qxc5 29.Rd1 Ke7
30.Rxd5 Qc1+ 31.Ka2 Rd8 32.Qb4+ Ke8 33.Qb5+  1-0

[Event "4th Beirut Open"]
[Site "Beirut LIB"]
[Date "2011.05.18"]
[Round "6.2"]
[White "Kotanjian,T"]
[Black "Khairallah,F"]
[Result "1/2-1/2"]
[WhiteElo "2517"]
[BlackElo "2273"]

1.d4 d5 2.Nf3 c6 3.c4 dxc4 4.e3 Be6 5.a4 Nf6 6.Na3 Nbd7 7.Nxc4 c5 8.dxc5 Nxc5
9.Nd4 Bd5 10.f3 e6 11.Be2 Rc8 12.O-O Ncd7 13.b3 Bc5 14.Ba3 Bxc4 15.Bxc4 Bxa3
16.Rxa3 O-O 17.Qe2 Ne5 18.Rc1 Nd5 19.Raa1 Qa5 20.Bxd5 Qxd5 21.Qb5 g6 22.Qxd5 exd5
23.Nb5 Nd3 24.Rd1 Nb4 25.Nxa7 Rc3 26.Rab1 Rxe3 27.Rd4 Nc6 28.Nxc6 bxc6 29.a5 Rb8
30.b4 c5 31.Rxd5 cxb4 32.Rd6 Rb5 33.Rb6  1/2-1/2

[Event "DPMM Final"]
[Site "Baden Baden GER"]
[Date "2011.05.20"]
[Round "1.2"]
[White "Tkachiev,V"]
[Black "Degtiarev,E"]
[Result "1-0"]
[WhiteElo "2626"]
[BlackElo "2327"]

1.d4 d5 2.c4 c6 3.Nf3 Nf6 4.Qb3 dxc4 5.Qxc4 g6 6.Nc3 b5 7.Qb3 Be6 8.Qc2 b4
9.Na4 Bf5 10.Qc4 a5 11.g3 Qd5 12.Nb6 Qxc4 13.Nxc4 Be4 14.Bg2 Nbd7 15.O-O c5
16.dxc5 Nxc5 17.Be3 Ne6 18.Nb6 Rd8 19.Ne5 Bxg2 20.Kxg2 Nd5 21.Nxd5 Rxd5 22.Nc4 Bg7
23.Rad1 Rb5 24.b3 Bf6 25.Rd3 O-O 26.Rfd1 Ra8 27.Nb6 Re8 28.Rd5 Nc7 29.Rd7 Be5
30.Nc4 Ne6 31.Ra7 Bc7 32.Rd7 Bd8 33.Ra8 Rf8 34.Rda7 f5 35.Bh6 Re8 36.Nxa5 g5
37.Nc6 Kf7 38.Bxg5 Nxg5 39.Rxd8 Rxd8 40.Nxd8+ Kf6 41.Ra6+ Kg7 42.Nc6  1-0

[Event "ch-Siberia Men"]
[Site "Barnaul RUS"]
[Date "2011.05.20"]
[Round "1"]
[White "Rykov,I"]
[Black "Sadovskiy,Danila"]
[Result "1-0"]
[WhiteElo "2305"]
[BlackElo "1811"]

1.d4 d5 2.Nf3 Nf6 3.c4 c6 4.Nbd2 Bf5 5.g3 e6 6.Bg2 Be7 7.O-O h6 8.b3 O-O
9.Bb2 Ne4 10.Ne5 Nxd2 11.Qxd2 Nd7 12.cxd5 cxd5 13.Nd3 Rc8 14.Rac1 Qb6 15.Rxc8 Rxc8
16.Rc1 Rc6 17.e3 Rxc1+ 18.Nxc1 Qc6 19.Bc3 Nf6 20.f3 b6 21.Nd3 Bd6 22.Ne5 Qc7
23.Bf1 Bxe5 24.dxe5 Nd7 25.Qd4 Qc5 26.b4 Qxd4 27.Bxd4 f6 28.f4 fxe5 29.fxe5 Nb8
30.Bb5 a6 31.Be2 b5 32.Kf2 Nc6 33.Bc3 Bc2 34.a3 Kf7 35.Ke1 Bb3 36.Bh5+ g6
37.Bf3 h5 38.h4 Kg7 39.Kf2 Bc4 40.g4 Kh6 41.Kg3 Bd3 42.gxh5 gxh5 43.Bg2 Kg6
44.Kf4 Bc4 45.Bh3 Kf7 46.Kg5 Be2 47.Bd4 Bf3 48.Bf1 Bd1 49.Bd3 Ne7 50.Bc5 Nf5
51.e4 Ng7 52.exd5 exd5 53.Bg6+ Ke6 54.Bf8  1-0

[Event "ch-Siberia Men"]
[Site "Barnaul RUS"]
[Date "2011.05.20"]
[Round "1"]
[White "Ivakhinova,I"]
[Black "Efanov,Mikhail"]
[Result "1-0"]
[WhiteElo "2326"]
[BlackElo "1948"]

1.d4 d5 2.c4 c6 3.Nf3 Nf6 4.Qb3 dxc4 5.Qxc4 Bf5 6.g3 e6 7.Bg2 Be7 8.O-O Nbd7
9.Nc3 O-O 10.Re1 Ne4 11.Qb3 Qb6 12.Nh4 Bxh4 13.gxh4 Qxb3 14.axb3 Nxc3 15.bxc3 Bc2
16.Bf4 Nb6 17.Ra3 Nd5 18.Bd2 Rfd8 19.e4 Nf6 20.Bf4 a5 21.e5 Nd5 22.Bg5 Rd7
23.Rc1 Bf5 24.Bd2 h6 25.Rca1 Bc2 26.R1a2 Bd1 27.Kf1 Bh5 28.Rxa5 Rxa5 29.Rxa5 Ne7
30.Bc1 Ng6 31.Be4 Bd1 32.Ra8+ Kh7 33.Ke1 Bh5 34.Ra7 Kg8 35.Bb2 Rc7 36.Ba3 f5
37.Bd6 Rf7 38.Bc2 Nxh4 39.b4 Nf3+ 40.Kf1 Nxh2+ 41.Kg2 Nf3 42.Bb3 Ng5 43.f4 Bf3+
44.Kh2 Bd5 45.Bxd5 cxd5 46.fxg5 hxg5 47.Kg3 g4 48.Kf4 g5+ 49.Kxg5 g3 50.Kf4 Rg7
51.Ra1 Rg4+ 52.Kf3 Re4 53.Kxg3 Re3+ 54.Kf4 Rxc3 55.Ra8+  1-0